000 00520nam a22001817a 4500
005 20230104141500.0
008 230104b |||||||| |||| 00| 0 eng d
020 _a9781444103496
040 _aKMU
_cKMU
050 _aBQ 4022 Err 2010
100 _aErricker , Clive
245 _aBuddhism :
_bAn introduction /
_cby Clive Erricker
260 _aLondon ;
_bHodder Education ,
_c2010 .
300 _axv , 288 pages :
_bIllustrations ;
_c19 cm.
500 _aIncludes an index
650 _2Oclc
_aBuddhism
942 _2lcc
_cBK
_n0
999 _c60
_d60